Vivienda todo el poder para los usuarios hacia, la economía en la construcción del entorno

Bibliographic Details
Main Author: Torner, John F.C
Format: Section = Libro
Language:Undetermined
Spanish
Published: Madrid, España Blume 1977
Subjects:
LEADER 00520nam a2200181Ia 4500
008 240829s9999 xx 000 0 und d
020 |a 84-7214-124-1 
040 |a BIBLIOTECA-RUSB/ 728.1 T948 
041 |a spa 
082 |a 728.1 T948 
100 1 |a Torner, John F.C 
245 1 0 |a Vivienda todo el poder para los usuarios hacia, la economía en la construcción del entorno 
260 |a Madrid, España  |b Blume  |c 1977 
300 |a 171 p. :il. 
650 7 |a VIVIENDA ECONOMICA 
942 |c BK  |2 ddc 
991 |a TEXTO 
999 |c 5312